Analysis and approximation of contact problems with adhesion or damage (Record no. 38623)

MARC details
000 -LEADER
fixed length control field 01052nam a2200325Ia 4500
003 - CONTROL NUMBER IDENTIFIER
control field OSt
005 - DATE AND TIME OF LATEST TRANSACTION
control field 20220912145815.0
008 - FIXED-LENGTH DATA ELEMENTS--GENERAL INFORMATION
fixed length control field 220909b |||||||| |||| 00| 0 eng d
020 ## - INTERNATIONAL STANDARD BOOK NUMBER
International Standard Book Number 1584885858 (hbd)
037 ## - SOURCE OF ACQUISITION
Terms of availability Textbook
040 ## - CATALOGING SOURCE
Original cataloging agency CSL
Language of cataloging eng
Transcribing agency CSL
041 ## - LANGUAGE CODE
Language code of text/sound track or separate title eng
100 ## - MAIN ENTRY--PERSONAL NAME
Personal name Sofonea Mircea
245 #0 - TITLE STATEMENT
Title Analysis and approximation of contact problems with adhesion or damage
260 ## - PUBLICATION, DISTRIBUTION, ETC.
Date of publication, distribution, etc. 2006
300 ## - PHYSICAL DESCRIPTION
Extent p.
Dimensions cm.
490 ## - SERIES STATEMENT
Series statement Monographs and textbooks in pure and applied mathematics; 276
500 ## - GENERAL NOTE
General note Bibliographical references 207-216p.; Index 217-220p.
650 ## - SUBJECT ADDED ENTRY--TOPICAL TERM
Topical term or geographic name entry element Contact mechanics-Mathematical models
650 ## - SUBJECT ADDED ENTRY--TOPICAL TERM
Topical term or geographic name entry element Mathematics
700 ## - ADDED ENTRY--PERSONAL NAME
Personal name Han Weimin
700 ## - ADDED ENTRY--PERSONAL NAME
Personal name Shillor Meir
942 ## - ADDED ENTRY ELEMENTS (KOHA)
Classification part B70aD, P6 TD
Koha item type Textbook
Source of classification or shelving scheme Colon Classification (CC)
Holdings
Withdrawn status Lost status Damaged status Not for loan Home library Current library Date acquired Source of acquisition Total Checkouts Full call number Barcode Date last seen Price effective from Koha item type
        Central Science Library Central Science Library 2022-09-12 022/07-08, 01/09/2007, N R Book Distributors   B70aD P6 TD SL1379546 2022-09-12 2022-09-12 Textbook
Copyright @ Delhi University Library System